000 02014nam a2200313 i 4500
001 153343
003 ES-MaACL
005 20250815064255.0
008 931025s1784 sp |||| | spa d
245 0 0 _aCronica de D. Alvaro de Luna, condestable de los reynos de Castilla y de Leon... /
_cla publica con varios apendices don Josef Miguel de Flores.
250 _aSegunda impresion.
260 _aEn Madrid :
_ben la Imp. de D. Antonio de Sancha :
_bse hallará en su librería en la Aduana Vieja,
_c1784.
300 _aXL, 481, XVI, XXXII, 112, VI, 2], 68 p. ;
_c26 cm.
490 1 _aColección de las crónicas y memorias de los reyes de Castilla ;
_v5
505 8 _aContiene además con port. propia: ;
_tSeguro de Tordesillas /
_rescribióle don Pedro Fernandez de Velasco. --
_tLibro del passo honroso defendido por el... caballero Suero de Quiñones /
_rcopilado de un libro antiguo de mano por Fr. Juan de Pineda...
530 _aDisponible en formato digital.
596 _aLa port. del "Libro del passo honroso..." tiene fecha de 1783.
597 _aSign.: *-5*4, A-2Z4, 3A-3C4, 3D2, 3E-3O4, 3P, 3*-2*4, a-d4, A-O4, *4, A-H4, I2.
597 _aEl "Seguro de Tordesilla" y el "Libro del passo honroso" a dos col.
597 _aCada obra con port., prefinación y sign. propias.
600 1 4 _aLuna, Álvaro de,
_dca. 1381-1453
_974750
651 4 _aCastilla (Reino)-
_xHistoria-
_y1406-1454, Juan II
_97995
700 1 _aFlores, José Miguel de.
_951261
740 0 2 _aLibro del passo honroso defendido por el excelente caballero Suero de Quiñones.
830 0 0 _aColección de las crónicas y memorias de los reyes de Castilla
_v5
_9184660
852 _aES-MaACL
_jR-1295
_z- Enc. pasta española
_z- Enc. 1º: "Seguro de Tordesilla", 2º: "Libro del Passo" falto de port., y 3º: "Crónica de D. Alvaro de Luna"
_x Olim: G-13141
856 _uhttps://archive.org/details/cronicadedalvaro00luna/page/n3
_zInternet Archive
999 _c153343
_d153343